Escuelas que aprenden: un manual de la quinta disciplina para educadores, padres y familia y todos los que se interesen en la educación
Guardado en:
| Autores principales: | , , , , , |
|---|---|
| Formato: | Libro |
| Lenguaje: | español |
| Publicado: |
Bogotá
Norma
2002
|
| Materias: | |
| Etiquetas: |
Agregar Etiqueta
Sin Etiquetas, Sea el primero en etiquetar este registro!
|
MARC
| LEADER | 00000nam a2200000 a 4500 | ||
|---|---|---|---|
| 001 | UCH1958 | ||
| 003 | CL-VaPUC | ||
| 008 | 090520e20020000CK |||||||||||||||||spa|d | ||
| 020 | |a 9789580465119 | ||
| 082 | 0 | 4 | |a 371 |b SEN |2 21 |
| 100 | 0 | |a Senge, Peter M |e author |9 536574 | |
| 700 | 0 | |a Cambron-McCabe, Nelda |e author |9 536575 | |
| 700 | 0 | |a Lucas, Timothy |e author |9 536576 | |
| 700 | 0 | |a Smith, Bryan |e author |9 536577 | |
| 700 | 0 | |a Dutton, Janis |e author |9 536578 | |
| 700 | 0 | |a Kleiner, Art |e author |9 536579 | |
| 245 | 1 | 0 | |a Escuelas que aprenden: un manual de la quinta disciplina para educadores, padres y familia y todos los que se interesen en la educación |
| 300 | |a 630 p | ||
| 942 | |c BK | ||
| 945 | |d 20090520 00:00:00 |a rbrito | ||
| 260 | |a Bogotá |b Norma |c 2002 | ||
| 650 | 0 | |a Administración de la enseñanza |9 261034 | |
| 650 | 0 | |a Gestión educacional |9 261035 | |
| 650 | 0 | |a Escuelas |9 308582 | |
| 583 | |a last modification |c 20170822 05:33:07 |k Rodrigo Vera | ||
| 999 | |c 333829 |d 333827 | ||
| 952 | |0 0 |1 0 |4 0 |6 371_000000000000000_SEN_2002 |7 0 |8 A |9 422468 |a BIBEDU |b BIBEDU |d 2019-11-22 |i 4552156 |l 3 |o 371 SEN 2002 |p 4552156 |r 2023-06-23 |s 2023-06-08 |w 2019-11-22 |y BK |k EBA | ||